000 01055nam a2200229 i 4500
001 131654
003 ES-MaACL
005 20230906194024.0
007 t|
008 070214s1970 sp df |||| | spa d
080 _a681.327.6(043.2)
100 1 _aRodríguez-Izquierdo Gavala, Guillermo.
_998584
245 1 0 _aNuevos procesos de grabación y lectura de información digital sobre cintas magnéticas en lógica ternaria, y su aplicación a generadores universales de impulsos y a la grabación y reproducción de ocho señales de baja frecuencia, con un magnetofón standard de audiofrecuencia estereofónico /
_cpor Guillermo Rodríguez-Izquierdo Gavala.
260 _aSevilla :
_bUniversidad,
_c1970.
300 _a126 p., 9 lám. :
_bgráf. ;
_c23 cm.
490 1 _aAnales de la Universidad Hispalense.
_aCiencias ;
_v9
650 4 _aCintas magnéticas.
_9162343
710 2 _aUniversidad de Sevilla.
_97301
830 0 _aAnales de la Universidad Hispalense.
_aCiencias ;
_v9
_9219597
852 _aES-MaACL
_jC-44082
999 _c131654
_d131654